Ética de la interpretación / (Registro nro. 2322)

Detalles MARC
000 -LEADER
fixed length control field 01213nam a2200313 a 4500
005 - FECHA ULTIMA MODIFICACION
control field 20240412122707.0
008 - CAMPO DE CONTROL (LIBRO)
fixed length control field 100702t1992||||ag |||f |||| 001 0 spa d
020 ## - INTERNATIONAL STANDARD BOOK NUMBER
ISBN 9501266850
041 ## - CODIGO DE IDIOMA
Código de idioma del texto/pista de sonido o título separado spa
092 ## - SIGNATURA TOPOGRAFICA DEWEY LOCAL
número de clasificación 170
libristica 91
sección VAT
100 1# - ENTRADA PRINCIPAL--NOMBRE PERSONAL
Nombre personal Vattimo, Gianni
9 (RLIN) 3116
245 ## - TITULO PROPIAMENTE DICHO
Título Ética de la interpretación /
Mención de responsabilidad y remanente de la transcripción de la portada Gianni Vattimo.
250 ## - MENCION DE EDICION
Mención de edición 1a ed. 1a reimp.
Mención de responsabilidad relacionada con la ed. Traducción al español de la versión en italiano de Jose Luis Etcheverry.
260 ## - PIE DE IMPRENTA
Lugar de publicación, distribución, etc Buenos Aires:
Nombre de la editorial, distribuidor, etc Paidós;
Fecha de publicación 1992.
300 ## - DESCRIPCION FISICA
Extension 224 p.
500 ## - NOTA GENERAL
Nota general Vattimo,G. (1992). Ética de la interpretación. (1a ed.). Buenos Aires : Paidós.
590 ## - NOTAS LOCALES (RLIN)
Nota local Donación Dora Vera, febrero 2017
653 ## - TÉRMINO INDIZADO - PALABRAS CLAVES
Palabra clave Posmodernidad y fin de la historia
653 ## - TÉRMINO INDIZADO - PALABRAS CLAVES
Palabra clave Secularización de la filosofía
653 ## - TÉRMINO INDIZADO - PALABRAS CLAVES
Palabra clave Hermenéutica: nueva koiné
653 ## - TÉRMINO INDIZADO - PALABRAS CLAVES
Palabra clave Hermenéutica y secularización
653 ## - TÉRMINO INDIZADO - PALABRAS CLAVES
Palabra clave Utopía, contrautopía, ironía
653 ## - TÉRMINO INDIZADO - PALABRAS CLAVES
Palabra clave Crisis de la subjetividad de Nietzche a Heidegger
653 ## - TÉRMINO INDIZADO - PALABRAS CLAVES
Palabra clave Hermenéutica y el modelo de la comunidad
653 #4 - TÉRMINO INDIZADO - PALABRAS CLAVES
Palabra clave Del Ser como futuro a la verdad como monumento
653 ## - TÉRMINO INDIZADO - PALABRAS CLAVES
Palabra clave Desencanto y disolución
653 ## - TÉRMINO INDIZADO - PALABRAS CLAVES
Palabra clave Ética de la comunicación o ética de la interpretación?
942 ## - ADDED ENTRY ELEMENTS (KOHA)
Source of classification or shelving scheme Dewey Decimal Classification
Item type Libros
Existencias
Estado de retiro Existencia Fuente de clasificación Estado general No para prestamo Ubicación permanente ubicación actual Sala de ubicación Fecha de adquisición Fuente de adquisición Total Checkouts Número de clasificación Código de barras Date last seen Número de ejemplar Price effective from Koha tipo de elemento (item) Public note
    Dewey Decimal Classification     Biblioteca Medicina Biblioteca Medicina Circulación 22/02/2017 Donación Dora Vera. Febrero 2017   170 91 VAT 3749 22/02/2017 Ej.1 22/02/2017 Libros Donación Dora Vera. Febrero 2017

UNIVERSIDAD NACIONAL DEL COMAHUE
Biblioteca de la Facultad de Ciencias Médicas
Sede Toschi: Los Arrayanes y Av. Toschi, Cipolletti  - Rio Negro
Sede Los Tordos:  Yrigoyen al 2211, Cipolletti - Rio Negro 

Teléfono: 0299 - 4774707 int 25
Contacto: biblioteca@facimed.uncoma.edu.ar
© 2011 - 2026